| 000 | 00525nam a2200181Ia 4500 | ||
|---|---|---|---|
| 008 | 230718s9999 xx 000 0 und d | ||
| 020 | _a9783662015643 | ||
| 041 | _aeng | ||
| 082 |
_a612.78 _bFLA |
||
| 100 |
_aFlanagan J.L. _9199411 |
||
| 245 | _aSpeech Analysis Synthesis And Perception | ||
| 250 | _a2nd ed. | ||
| 260 |
_c1983 _bSpringer Verlag |
||
| 300 |
_a444 _dRef 1581 C (54239) |
||
| 365 |
_cRs. _b6828.71 |
||
| 700 |
_aFlanagan J.L. _9199411 |
||
| 906 |
_dO:0527625-Aug-2016B:SE/SI/324219-Aug-2016 _cCOMP _b1707.18 |
||
| 999 |
_c343032 _d343032 |
||